Điều chế nano TiO2 bằng phương pháp Sol - Gel và khảo sát hoạt tính xúc tác quang hóa qua sự khử màu Metylen xanh
Tổng quan tài liệu: Giới thiệu về công nghệ nano và vật liệu nano. Một số phương pháp chế tạo vật liệu nano...Nguyên liệu và phương pháp nghiên cứu. Kết quả và thảo luận.
Enregistré dans:
| Auteur principal: | |
|---|---|
| Autres auteurs: | |
| Format: | Livre |
| Langue: | Vietnamese |
| Publié: |
Đà Nẵng
Đại học Sư phạm
2011
|
| Sujets: | |
| Tags: |
Ajouter un tag
Pas de tags, Soyez le premier à ajouter un tag!
|
| Thư viện lưu trữ: | Mạng thư viện Đại học Đà Nẵng |
|---|
| LEADER | 01508nam a2200349 4500 | ||
|---|---|---|---|
| 001 | 000012596 | ||
| 003 | 8901 | ||
| 005 | 20120222150205.0 | ||
| 008 | 120222s2011 viesd | ||
| 041 | |a vie | ||
| 072 | |a Khóa luận tốt nghiệp | ||
| 082 | |a 547.86 |b NG-L | ||
| 100 | |a Nguyễn, Hạnh Long |e Tác giả | ||
| 245 | |a Điều chế nano TiO2 bằng phương pháp Sol - Gel và khảo sát hoạt tính xúc tác quang hóa qua sự khử màu Metylen xanh |c Nguyễn Hạnh Long | ||
| 260 | |a Đà Nẵng |b Đại học Sư phạm |c 2011 | ||
| 300 | |a 47 tr. |c 29 cm | ||
| 500 | |a Khóa luận tốt nghiệp khoa Hóa. Lớp 07 CHP | ||
| 520 | |a Tổng quan tài liệu: Giới thiệu về công nghệ nano và vật liệu nano. Một số phương pháp chế tạo vật liệu nano...Nguyên liệu và phương pháp nghiên cứu. Kết quả và thảo luận. | ||
| 653 | |a Nano | ||
| 653 | |a Phương pháp Sol - Gel | ||
| 653 | |a Metylen xanh | ||
| 700 | |a Bùi Xuân Vững |c T.S |e Hướng dẫn | ||
| OWN | |a LSP | ||
| AVA | |a UDN50 |b LSP |d 547.86 NG-L |e available |t Error 5001 Not defined in file expand_doc_bib_avail. |f 1 |g 0 |h N |i 0 |k 1 | ||
| 999 | |a From the UDN01 | ||
| AVA | |a UDN50 |b LSP |d 547.86 NG-L |e available |t Error 5001 Not defined in file expand_doc_bib_avail. |f 1 |g 0 |h N |i 0 |k 1 | ||
| TYP | |a Monograph | ||
| TYP | |a Printed language | ||
| 980 | |a Mạng thư viện Đại học Đà Nẵng | ||